书目信息 |
| 题名: |
张之涛文集
|
|
| 作者: | 张之涛 著 | |
| 分册: | 下 小说·剧本卷 | |
| 出版信息: | 北京 中国文联出版社 2012.01 |
|
| 页数: | 409页 | |
| 开本: | 26cm | |
| 丛书名: | ||
| 单 册: | ||
| 中图分类: | I217.62 , I247.7 , I230 | |
| 科图分类: | ||
| 主题词: | 中国文学--当代文学--作品集 , 中篇小说--小说集--中国--当代 , 短篇小说--小说集--中国--当代 , 剧本--中国--当代 , 中国文学 , 当代文学 , 中篇小说 , 短篇小说 , 剧本 | |
| 电子资源: | ||
| ISBN: | 978-7-5059-7460-9 | |
| 000 | 01057nam0 2200349 450 | |
| 001 | 010050028622 | |
| 005 | 20120619162656.40 | |
| 010 | @a978-7-5059-7460-9@dCNY50.68,152.00(全3册) | |
| 100 | @a20120210d2012 em y0chiy50 ea | |
| 101 | 0 | @achi |
| 102 | @aCN@b110000 | |
| 105 | @ay z 000zy | |
| 106 | @ar | |
| 200 | 1 | @a张之涛文集@9zhang zhi tao wen ji@h下@i小说·剧本卷@f张之涛[著] |
| 210 | @a北京@c中国文联出版社@d2012.01 | |
| 215 | @a409页@d26cm | |
| 330 | @a本书主要内容包括:他的艺术生命属于北方、河路情仇、大河恋、梅亭遗梦、额尔古纳森林、山林的雾、兰谷幽梦。 | |
| 606 | 0 | @a中国文学@x当代文学@x作品集 |
| 606 | 0 | @a中篇小说@x小说集@y中国@z当代 |
| 606 | 0 | @a短篇小说@x小说集@y中国@z当代 |
| 606 | 0 | @a剧本@y中国@z当代 |
| 606 | 0 | @a中国文学 |
| 606 | 0 | @a当代文学 |
| 606 | 0 | @a中篇小说 |
| 606 | 0 | @a短篇小说 |
| 606 | 0 | @a剧本 |
| 690 | @aI217.62@v4 | |
| 690 | @aI247.7@v4 | |
| 690 | @aI230@v4 | |
| 701 | 0 | @a张之涛@9zhang zhi tao@f(1936-)@4著 |
| 801 | 0 | @aCN@bRENTIAN@c20120210 |
| 905 | @b540486-88@dI217.62@e649:3@f3 | |
| 张之涛文集.下.小说·剧本卷/张之涛[著].-北京:中国文联出版社,2012.01 |
| 409页;26cm |
| ISBN 978-7-5059-7460-9:CNY50.68,152.00(全3册) |
| 本书主要内容包括:他的艺术生命属于北方、河路情仇、大河恋、梅亭遗梦、额尔古纳森林、山林的雾、兰谷幽梦。 |
| ● |
| 相关链接 |
|
|
|
|
正题名:张之涛文集
索取号:I217.62/649:3
 
预约/预借
| 序号 | 登录号 | 条形码 | 馆藏地/架位号 | 状态 | 备注 |
| 1 | 540486 | 205404864 | 第一样本阅览室/ [索取号:I217.62/649:3] | 在馆 | |
| 2 | 540487 | 205404873 | 第二借阅区/ [索取号:I217.62/649:3] | 在馆 | |
| 3 | 540488 | 205404882 | 第二借阅区/ [索取号:I217.62/649:3] | 在馆 |